00918nam a2200217 a 450000100100000000500170001000800410002704000250006808200170009310000480011024501440015826000320030230000340033449000310036850501700039965000210056965000230059070000340061370000220064783000310066900002117020200930011243.0100901s1909 sp a r 000 j spa d aDO-SdBNPbspacBNPHU a833.6bH711c1 aHoffmann, Ernst Theodor Amadeus,d1766-182210aCuentos fantásticos de E. Teodoro Hoffmann /cE. Teodoro Hoffmann ; traducción de Enrique L. de Verneuil ; ilustración de F. Xumetra. aBarcelona :bMaucci,c1909. a328, [24] p. :bil. ;c21 cm.1 aBiblioteca "Arte y Letras"1 aLa fascinación -- El canto de Antonia -- El misterio de la casa desierta -- El reflejo perdido -- Coppelius -- Annunciata -- La puerta tapiada -- Oliverio Brusson. 4aCuentos alemanes 4aLiteratura alemana1 aVerneuil, Enrique L. de,etr.1 aXumetra, F.,eil. 0aBiblioteca "Arte y Letras"